LEADER 01224nam a2200301 i 4500 001 000000069924 003 CaOOAMICUS 005 20080625000000.0 008 080625s1970 it u000 u ita u 013 $a41096 040 $aSeMil$bita 100 1 $aFichte, Johann Gottlieb,$c<1762-1814>.$0(OLS)http://semarc/name/21400 240 14$aDie Bestimmung des Menschen.$0(OLS)http://semarc/title/112119 245 13$aLa missione dell'uomo /$cFichte ; a cura di Remo Cantoni. 250 $a2. ed. 260 $aBari :$bLaterza,$c1970. 300 $a182 p. ;$c18 cm. 490 0 $aPiccola biblioteca filosofica Laterza ;$v57 500 $aFondo Ciprandi. 650 4$aFichte, Johann Gottlieb <1762-1814> - Opere.$0(OLS)http://semarc/subject/13409 700 1 $aCantoni, Remo,$d<1914-1978>.$0(OLS)http://semarc/name/8141 830 0$aPiccola biblioteca filosofica Laterza ;$v57.$0(OLS)http://semarc/title/18486 850 $aSeMil 852 $aSeMil$W1$xVenegono$y1$m2P I 603$j36077$B36077$CSeMilBibl$Z2$F36080 $81 941 1 $a1 961 $aOmaggio: Ciprandi dott. Paolo 996 $6245$aLa missione dell'uomo$9(OLS)http://semarc/title/112118 996 $6260$aBari :$bLaterza$9(OLS)http://semarc/publisher/29858 LEADER 00936nam a2200205 i 4500 001 000000104594 003 CaOOAMICUS 005 20011203000000.0 008 011203s1949 it u000 u mul u 013 $a76783 040 $aSeMil$bita 245 10$aEsistenza e natura di Dio :$b(1, qq. 1 -13) /$c[traduzione del p. Antonio Balducci ; traduzione e note del P. Marcolino Daffara]. 300 $a359 p. 700 1 $aBalducci, Antonino .$0(OLS)http://semarc/name/23099 700 1 $aDaffara, Marcolino,$c.$0(OLS)http://semarc/name/44213 700 0 $aTommaso : d'Aquino,$c.$0(OLS)http://semarc/name/423 773 0 $aTommaso : d'Aquino $tSomma teologica.$dFirenze : Salani, 1949-1975.$g1$w()1216 850 $aSeMil 852 $aSeMil$W1$xVenegono$y1$mSL1.V IV 1$j60903$B60903$CSeMilBibl$Z2$F45324 $8I 996 $6245$aEsistenza e natura di Dio :$b(1, qq. 1 -13)$9(OLS)http://semarc/title/151538